Model pre kvantifikáciu národohospodárskych rezerv vybraných komodít

Bibliographic Details
Main Author: Šujan, Ivan, 1935- (Author)
Format: Article
Language:Slovak
Subjects:

MARC

LEADER 00000nab a2200000Ia 4500
001 vtls010815796
003 SK-MaSNL
005 20260305024313.0
008 230218|1970 xo |||||||||||||||||slo|
035 |a (urnnbn)urn:nbn:sk:snk:ar-a053tf 
035 |a urn:nbn:sk:snk-ab5kbl 
035 |a (uuid)75a2823f-1f84-4715-8c29-e9a65e3eccf4 
040 |a SNKBUCL  |b slo  |c SNKBUCL  |e AACR2 
041 0 |a slo 
044 |a xo  |c SK 
080 |a 658.155.4  |2 2011 
080 |a 330.5+338  |2 2001 
080 |a 519.673  |2 2011 
100 1 |a Šujan, Ivan,  |d 1935-  |4 aut  |9 5042 
245 1 0 |a Model pre kvantifikáciu národohospodárskych rezerv vybraných komodít  |c Ivan Šujan 
650 0 7 |a rezervy (ekonómia)  |2 SNKPH  |9 161082 
650 0 7 |a národné hospodárstvo  |2 SNKPH  |9 846 
650 0 7 |a matematické modelovanie  |2 SNKPH  |9 4279 
773 0 |t Ekonomický časopis : časopis pre ekonomickú teóriu, hospodársku politiku, spoločensko-ekonomické prognózovanie  |g Roč. 18, č. 2 (1970), s. [111]-127 
954 |a odborná, vedecká literatúra pôvodná (slovenská)  |2 lita 
958 |a OND 
958 |a EUIPO 
958 |a article5 
999 |c 3301546  |d 3303476